Brazil : Extra-judicial killings and use of lethal force.

Bibliographic Details
Corporate Author: United States. Congress
Format: eBook
Language:English
Published: Washington : U.S. G.P.O, 2011.
Subjects:
Online Access:Electronic resource (PDF)

MARC

Tag First Indicator Second Indicator Subfields
LEADER 00000cam a22000001a 4500
001 in00004116521
005 20200117092220.0
006 m d f
007 cr bn mmmapmmp
008 120613s2011 dcu o f000 0 eng d
035 |a chdc201101261 
040 |a UMI  |c UMI  |d UtOrBLW 
043 |a s-bl--- 
110 1 |a United States.  |b Congress.  |0 http://id.loc.gov/authorities/names/n79006865 
245 1 0 |a Brazil :  |b Extra-judicial killings and use of lethal force. 
264 1 |a Washington :  |b U.S. G.P.O,  |c 2011. 
300 |a 36 pages, digital, PDF file. 
336 |a text  |b txt  |2 rdacontent 
337 |a computer  |b c  |2 rdamedia 
338 |a online resource  |b cr  |2 rdacarrier 
500 |a Record is based on bibliographic data in ProQuest Congressional Hearings Digital Collection. Reuse except for individual research requires license from ProQuest, LLC. 
500 |a Electronic resource. 
533 |a Electronic reproduction.  |b [Bethesda, Md.] :  |c ProQuest,  |d 2011.  |e digital, PDF file.  |n ProQuest Congressional Hearings Digital Collection.  |n Mode of access: World Wide Web via ProQuest website. 
538 |a System requirements: PDF reader software. 
650 0 |a Extrajudicial executions  |z Brazil. 
650 0 |a Police brutality  |z Brazil. 
776 0 8 |i Print version:  |a United States. Congress.  |t Brazil 
776 0 8 |i Microfiche version:  |a United States. Congress.  |t Brazil  |d [Bethesda, Md.] : ProQuest,[2011]  |o CIS 2011 H961-87  |w (ProQuest)cis01102129 
856 4 0 |u http://proxy.library.tamu.edu/login?url=http://search.proquest.com/congcomp/getdoc?HEARING-ID=HRG-2010-HOR-0011  |y Electronic resource (PDF)  |t 0 
998 |a cis01102129 
999 f f |s f03a9401-cd11-306f-b93d-772fe63dcd5a  |i 29a00ee5-f870-3b68-b044-1c58d905e588  |t 0 
952 f f |a Texas A&M University  |b College Station  |c Electronic Resources  |d Available Online  |t 0  |h No information provided 
998 f f |t 0  |l Available Online